00465nam a2200169Ia 4500003000400000008004100004040001600045082001800061100001900079245006200098700002100160260003600181300001000217650002600227650001100253650003100264GCL140319s9999 xx 000 0 eng d aGCL / cGCL04a895.6132bR S1 aRIMER,J THOMAS10aSHISENDO, HALL OF THE POETRY IMMORTALS / cRIMER,J THOMAS1 aCHAVES, JONATHAN a[S.N] : bWEATHERHILL ، c1991 a214 P04aHISTORY AND CRITICISM04aPOETRY04aISHIKAWA JOZAN 1583 - 1672